|
|
|
|
| LEADER |
01447nam a2200409 a 4500 |
| 001 |
EBC3386225 |
| 003 |
MiAaPQ |
| 005 |
20200520144314.0 |
| 006 |
m o d | |
| 007 |
cr cn||||||||| |
| 008 |
050711s2005 enk sb 001 0 eng d |
| 010 |
|
|
|z 2005278986
|
| 020 |
|
|
|z 0745318274 (hbk.)
|
| 020 |
|
|
|z 0745318266 (pbk.)
|
| 020 |
|
|
|z 9780745318271
|
| 020 |
|
|
|a 9781849641289 (electronic bk.)
|
| 035 |
|
|
|a (MiAaPQ)EBC3386225
|
| 035 |
|
|
|a (Au-PeEL)EBL3386225
|
| 035 |
|
|
|a (CaPaEBR)ebr10479717
|
| 035 |
|
|
|a (CaONFJC)MIL987241
|
| 035 |
|
|
|a (OCoLC)71347150
|
| 040 |
|
|
|a MiAaPQ
|c MiAaPQ
|d MiAaPQ
|
| 043 |
|
|
|a a-tu---
|
| 050 |
|
4 |
|a HF1583.4
|b .A93 2005
|
| 082 |
0 |
4 |
|a 337.56109045
|2 22
|
| 100 |
1 |
|
|a Aydn, Zulkuf,
|d 1950-
|
| 245 |
1 |
4 |
|a The political economy of Turkey
|h [electronic resource] /
|c Zulkuf Aydin.
|
| 260 |
|
|
|a London ;
|a Ann Arbor, Mich. :
|b Pluto Press,
|c 2005.
|
| 300 |
|
|
|a x, 298 p.
|
| 504 |
|
|
|a Includes bibliographical references and index.
|
| 533 |
|
|
|a Electronic reproduction. Ann Arbor, MI : ProQuest, 2015. Available via World Wide Web. Access may be limited to ProQuest affiliated libraries.
|
| 651 |
|
0 |
|a Turkey
|x Foreign economic relations.
|
| 651 |
|
0 |
|a Turkey
|x Economic conditions
|y 1960-
|
| 651 |
|
0 |
|a Turkey
|x Foreign relations.
|
| 655 |
|
4 |
|a Electronic books.
|
| 710 |
2 |
|
|a ProQuest (Firm)
|
| 856 |
4 |
0 |
|u https://ebookcentral.proquest.com/lib/matrademy/detail.action?docID=3386225
|z Click to View
|